000 00518nam a22001577a 4500
082 _a658.4
100 _aNaqvi, Syed Shabir Hussain
245 _aHealth as an Economic Growth Indicator-A Study of Pakistan GDP (2000-14)
_cSyed Shabir Hussain Naqvi.
260 _aIslamabad:
_bNBS - NuST,
_c2015.
300 _a28 p.: ill.;
_c30cm.
650 _aMBA Thesis
_917629
700 _aDr. Muhammad Zubir Mumtaz
_919377
942 _2ddc
_cTHE
999 _c527880
_d527880